000 00409pab a2200157 454500
008 180718b2000 xxu||||| |||| 00| 0 eng d
100 _aRahman, M. Redwanur
245 _aHealth services system in Bangladesh: an overview
260 _c2000
300 _ap.65-82
362 _aJan-Mar
650 _aHealth services - Bangladesh
650 _aHealth services
773 _aIASSI Quarterly
909 _a47640
999 _c47640
_d47640